The voice of the anti-racist movement in Europe

Uloženo v:
Podrobná bibliografie
Korporativní autor: European network against racism (ENAR)
Médium: Kniha
Jazyk:angličtina
Vydáno: Bruxelles ENAR
Tagy: Přidat tag
Žádné tagy, Buďte první, kdo vytvoří štítek k tomuto záznamu!

MARC

LEADER 00000nam a2200000 4500
005 20240605185927.0
008 240605b |||||||| |||| 00| 0 eng d
040 |c GP 
110 |a European network against racism (ENAR) 
245 |a The voice of the anti-racist movement in Europe 
260 |a Bruxelles  |b ENAR 
942 |2 ddc  |c BK  |n 0 
952 |0 0  |1 0  |2 ddc  |4 0  |6 323_409400000000000_ENA  |7 1  |9 1367  |a RM  |b RM  |d 2024-06-05  |l 0  |o 323.4094 ENA  |p 203  |r 2024-06-05 18:59:45  |w 2024-06-05  |y BK 
999 |c 1257  |d 1257